Strategies, techniques, & approaches to critical thinking : (Record no. 2348)

MARC details
000 -LEADER
fixed length control field 00673cam a2200169 i 4500
008 - FIXED-LENGTH DATA ELEMENTS--GENERAL INFORMATION
fixed length control field 200529s2022 moua 000 0 eng
020 ## - INTERNATIONAL STANDARD BOOK NUMBER
ISBN 9780323661263
100 1# - MAIN ENTRY--AUTHOR
Author Martinez de Castillo, Sandra Luz,
245 10 - TITLE STATEMENT
Title Strategies, techniques, & approaches to critical thinking :
Remainder of title a clinical judgment workbook for nurses /
Statement of responsibility, etc Sandra Luz Martinez de Castillo, EdD, RN, Faculty Emeritus, Contra Costa College, San Pablo, California.
250 ## - EDITION STATEMENT
Edition statement 7th edition.
260 ## - PUBLICATION, DISTRIBUTION, ETC. (IMPRINT)
Place of publication Missouri
Name of publisher Elsevier
Date of publication 2022
300 ## - COLLATION
Pagination ix, 294 pages :
Other physical details illustrations ;
650 #0 - TRACINGS
Main Subject Nursing case studies.
650 #0 - TRACINGS
Main Subject Nursing
Subdivision (2nd) Decision making
Subdivision (1st) Textbooks.
942 ## - ADDED ENTRY ELEMENTS (KOHA)
Item type Books
050 00 - LIBRARY OF CONGRESS CALL NUMBER
Classification number RT42
Item number .M246 2022
Holdings
Source of classification or shelving scheme Not for loan Permanent location Current location Date acquired Accession No. Full call number Barcode. Koha item type
Library of Congress Classification   Medical Library Medical Library 03/14/2025 2024/63505 RT42.C37 2025-0617 Books
Library of Congress Classification   Medical Library Medical Library 03/25/2025 2024/63505 RT42.C37 2025-0987 Books